000 00742nam a2200229Ia 4500
003 GCL
008 140319s9999 xx 000 0 ara d
040 _aGCL /
_cGCL
082 0 4 _a812.009
_bن م
100 1 _aنبيل راغب
245 1 0 _aمسرح التحولات الاجتماعية فى الستنيات /
_cنبيل راغب
260 _a[S.N] :
_bالهيئة المصرية العامة للكتاب ،
_c1990
300 _a231 ص
490 _a
650 0 4 _aالادب العربى
650 0 4 _aالمسرح والمجتمع
650 0 4 _aالمسرح العربى
650 0 4 _aالمسرح والدولة
650 0 4 _aالمسرح القومى
650 0 4 _aالمسرحيات العربية
942 _2ddc
_cBK
999 _c29691
_d29691